LEADER 01083nam0 22002771i 450 001 UON00203278 005 20231205103302.453 010 $a07-456-1240-7 100 $a20030730d1993 |0itac50 ba 101 $aeng 102 $aGB 105 $a|||| ||||| 200 1 $aTalk and social structure$estudies in ethnomethodology and conversation analysis$fedited by Deirdre Boden and Don H. Zimmerman 210 $aCambridge$cPolity Press$d1993. x$d305 p. ; 23 cm 606 $aCONVERSAZIONE$3UONC041282$2FI 620 $dCambridge$3UONL000022 676 $a306.440 89$cEtnolinguistica$v21 702 1$aBODEN$bDeirdre$3UONV121677 702 1$aZIMMERMAN$bDon H.$3UONV121678 712 $aPolity Press$3UONV251682$4650 801 $aIT$bSOL$c20250620$gRICA 899 $aSIBA - SISTEMA BIBLIOTECARIO DI ATENEO$2UONSI 912 $aUON00203278 950 $aSIBA - SISTEMA BIBLIOTECARIO DI ATENEO$dSI Angl VIII $eSI LO 61421 5 996 $aTalk and social structure$91256037 997 $aUNIOR